[Event "Open A"]
[Site "Oberwart AUT"]
[Date "2010.07.14"]
[Round "2"]
[White "Kovacs,Ga2"]
[Black "Makk,R"]
[Result "1/2-1/2"]
[WhiteElo "2500"]
[BlackElo "2243"]

1.c4 c5 2.Nf3 Nf6 3.Nc3 b6 4.e4 d6 5.d4 cxd4 6.Nxd4 Bb7 7.Qe2 g6 8.g3 Bg7
9.Bg2 O-O 10.O-O Nbd7 11.Rd1 Qc8 12.h3 Ne5 13.b3 Nc6 14.Be3 Nd7 15.Rac1 Nxd4
16.Bxd4 Bxd4 17.Rxd4 Re8 18.Qe3 Qc5 19.Nd5 Rad8 20.b4 Qc8 21.Qg5 Bxd5 22.exd5 Nf8
23.Re4 Rd7 24.h4 Qd8 25.Rce1 e5 26.dxe6 Rxe6 27.Qd5 Rde7 28.Qg5 Qe8 29.Qf4 Rxe4
30.Rxe4 Rxe4 31.Bxe4 Qe5 32.Qxe5 dxe5 33.g4 h6 34.Kg2 Ne6 35.Kf3 Nd4+ 36.Ke3 f5
37.gxf5 gxf5 38.Bb1 Kf7 39.f4 Kf6 40.Bd3 Ne6 41.fxe5+ Kxe5 42.Be2 Nd4 43.Bd1 a5
44.c5 bxc5 45.bxc5 Kd5 46.c6 Nxc6 47.Bf3+ Kd6 48.Bxc6 Kxc6 49.Kf4 Kb5 50.Kxf5 Kb4
51.Kg6 Ka3 52.Kxh6 Kxa2 53.Kg5 a4 54.h5 a3 55.h6 Kb1 56.h7 a2 57.h8=Q a1=Q
58.Qxa1+  1/2-1/2

[Event "2nd Artemis Cup"]
[Site "Leros GRE"]
[Date "2010.07.15"]
[Round "4"]
[White "Estremera Panos,S"]
[Black "Kasparova,T"]
[Result "1/2-1/2"]
[WhiteElo "2358"]
[BlackElo "2167"]

1.Nf3 Nf6 2.c4 c5 3.Nc3 b6 4.e4 d6 5.d4 cxd4 6.Nxd4 Bb7 7.f3 e6 8.Be2 a6
9.O-O Be7 10.Be3 O-O 11.Qd2 Nbd7 12.a4 Rc8 13.a5 Ne5 14.axb6 Nxc4 15.Bxc4 Rxc4
16.Nb3 Rb4 17.Na5 Ba8 18.Ra4 Rxb6 19.Bxb6 Qxb6+ 20.Kh1 h6 21.Nc4 Qc7 22.Ne3 Bb7
23.Rc1 Qb8  1/2-1/2

[Event "Int ch-SVK OpenA"]
[Site "Banska Stiavnica SVK"]
[Date "2010.07.16"]
[Round "7"]
[White "Kolesar,Mil"]
[Black "Mrvova,A"]
[Result "1-0"]
[WhiteElo "2171"]
[BlackElo "2262"]

1.Nf3 Nf6 2.c4 c5 3.Nc3 g6 4.d4 cxd4 5.Nxd4 Bg7 6.e4 d6 7.Be2 O-O 8.O-O Nc6
9.Be3 Bd7 10.Qd2 Nxd4 11.Bxd4 Bc6 12.f3 Qa5 13.Rac1 Rfc8 14.Rfd1 Qh5 15.Be3 Qa5
16.b3 Qd8 17.Nb5 b6 18.Bg5 a6 19.Nc3 b5 20.Nd5 Bxd5 21.cxd5 Nd7 22.Be3 Nb6
23.Qa5 Nd7 24.Rxc8 Qxc8 25.Rc1 Qd8 26.Qxd8+ Rxd8 27.Rc7 Kf8 28.Kf1 Ke8 29.a4 bxa4
30.bxa4 Nc5 31.Bxc5 dxc5 32.Bxa6 Be5 33.Bb5+ Kf8 34.Rxc5 Bxh2 35.a5 Ra8 36.a6 Ra7
37.Rc8+ Kg7 38.Rc4 Kf6 39.Ra4 Bb8 40.Bc6 Rc7 41.f4 h5 42.Ke2 Ba7 43.Rc4 Kg7
44.e5 Kf8 45.d6 exd6 46.exd6 Rc8 47.d7 Rd8 48.Re4  1-0

[Event "Corporation Centre Cup"]
[Site "Izhevsk RUS"]
[Date "2010.07.16"]
[Round "2"]
[White "Krutko,A"]
[Black "Morozkin,Nikita"]
[Result "1-0"]
[WhiteElo "2417"]
[BlackElo "2124"]

1.c4 Nf6 2.Nc3 c5 3.Nf3 b6 4.d4 cxd4 5.Nxd4 a6 6.e4 d6 7.Be2 Bb7 8.f3 e6
9.O-O Be7 10.Be3 Nbd7 11.Qd2 O-O 12.a4 Qc7 13.a5 Rac8 14.Rfc1 Rfe8 15.Bf1 Bd8
16.Kh1 Qb8 17.axb6 Bxb6 18.Na4 Bc7 19.g3 d5 20.exd5 Ne5 21.Nc5 Bb6 22.Nxb7 Qxb7
23.Qb4 exd5 24.c5 Nc4 25.Bxc4 dxc4 26.Qxb6 Qxb6 27.cxb6 Rxe3 28.Rxa6 Re7
29.Ra7 Nd5 30.Nc6 Rxa7 31.bxa7 Kf8 32.Rxc4 Ke8 33.Nb8 Rxc4 34.a8=Q Ne3 35.Nc6+  1-0

[Event "Canadian Open"]
[Site "Toronto CAN"]
[Date "2010.07.16"]
[Round "7"]
[White "Cummings,D"]
[Black "MacKinnon,K"]
[Result "1-0"]
[WhiteElo "2375"]
[BlackElo "2140"]

1.c4 c5 2.Nf3 Nf6 3.Nc3 e6 4.g3 b6 5.Bg2 Bb7 6.O-O Be7 7.Re1 Ne4 8.d4 Nxc3
9.bxc3 Be4 10.Bf1 d6 11.Nd2 Bb7 12.e4 Nd7 13.f4 O-O 14.Nf3 Qc7 15.d5 e5 16.f5 Qd8
17.h4 Nf6 18.Bh3 Bc8 19.g4 Bd7 20.Kh2 a6 21.g5 Ne8 22.Rg1 Kh8 23.Qe2 b5 24.h5 Qc8
25.g6 h6 26.Bxh6 fxg6 27.Rxg6  1-0

[Event "Canadian Open"]
[Site "Toronto CAN"]
[Date "2010.07.17"]
[Round "8"]
[White "Gerzhoy,L"]
[Black "Gentes,K"]
[Result "1/2-1/2"]
[WhiteElo "2471"]
[BlackElo "2259"]

1.Nf3 c5 2.c4 Nf6 3.Nc3 e6 4.d4 cxd4 5.Nxd4 Be7 6.e4 d6 7.Be2 O-O 8.O-O a6
9.Be3 Qc7 10.Qd2 b6 11.a4 Bb7 12.f3 Nbd7 13.a5 bxa5 14.Nb3 d5 15.exd5 exd5
16.Nxa5 dxc4 17.Nxb7 Qxb7 18.Bxc4 Bc5 19.Rfe1 Bxe3+ 20.Rxe3 Nb6 21.Bf1 Nbd5
22.Nxd5 Nxd5 23.Rd3 Nb4 24.Rd7 Qb6+ 25.Qf2 Qe6 26.Rd4 Rab8 27.Re4 Qd6 28.Bc4 Rfe8
29.Rae1 Rxe4 30.fxe4 Qf6 31.Qxf6 gxf6 32.e5 fxe5 33.Rxe5 Rb7 34.b3 Kg7 35.Kf2 Nc6
36.Rg5+ Kf8 37.Ke3 h6 38.Rc5 Nb4 39.Rc8+ Kg7 40.Ra8 Kh7 41.Kd4 Nc6+ 42.Kc3 a5
43.Bd5 Rc7 44.Be4+ Kg7 45.Kb2 Na7 46.Rb8 Nc8 47.Bf3 Rc5 48.Ka3 Ne7 49.Ka4 Nd5
50.Rd8 Nc3+ 51.Ka3 f5 52.Kb2 Ne4 53.h4 Kf6 54.Rh8 Kg7 55.Ra8 Nd2 56.Ra7+ Kf6
57.Ra6+ Ke5 58.Be2 Kf4 59.Rxh6 Kg3 60.h5 Kxg2 61.Rg6+ Kf2 62.h6 Rc8 63.Bd3 Ne4
64.h7 Rh8 65.Rg7 Ke3 66.Bc4 f4 67.Re7 Kd4 68.Rd7+ Ke3 69.Re7 Kd4 70.Rd7+  1/2-1/2

[Event "I Open"]
[Site "Girona ESP"]
[Date "2010.07.20"]
[Round "8"]
[White "Boada Marti,D"]
[Black "Martin Fernandez,S"]
[Result "0-1"]
[WhiteElo "1707"]
[BlackElo "1918"]

1.Nf3 Nf6 2.c4 c5 3.Nc3 g6 4.g3 Bg7 5.Bg2 O-O 6.d4 cxd4 7.Qxd4 Nc6 8.Qh4 Qa5
9.O-O Qh5 10.Rb1 d6 11.Qxh5 Nxh5 12.b3 Bxc3 13.Bh6 Bg7 14.Be3 Bf5 15.Rbd1 Nf6
16.Nh4 Be6 17.f4 Ng4 18.Bd2 Bd4+ 19.Kh1 Nf2+ 20.Rxf2 Bxf2 21.e3 g5 22.Bxc6 gxh4
23.Bxb7 Bg4 24.Rf1  0-1

[Event "XIX ch-Macedonia Open"]
[Site "Struga MKD"]
[Date "2010.07.21"]
[Round "5"]
[White "Skrceski,G"]
[Black "Koskoska,G"]
[Result "1-0"]
[WhiteElo "2215"]
[BlackElo "2152"]

1.Nf3 c5 2.c4 Nf6 3.Nc3 g6 4.e3 Bg7 5.Be2 O-O 6.O-O d5 7.d4 cxd4 8.exd4 Nc6
9.Bf4 e6 10.Ne5 Nd7 11.Nxc6 bxc6 12.Qa4 Nb6 13.Qxc6 Bd7 14.Qb7 Nxc4 15.Bxc4 dxc4
16.d5 Bxc3 17.bxc3 exd5 18.Qxd5 Be6 19.Qe5 Qd5 20.Qf6 Qf5 21.Qh4 Qg4 22.Qh6 f6
23.h3 Qf5 24.Rfe1 Rfe8 25.g4 Qc5 26.Be3 Qc6 27.Qf4 Bc8 28.f3 g5 29.Qg3 Bb7
30.Kf2 Re6 31.Bd4 Rae8 32.Bxa7 Rxe1 33.Rxe1 Rxe1 34.Kxe1 Kf7 35.Bd4 Qxf3
36.Qxf3 Bxf3 37.a4 h5 38.gxh5 Bxh5 39.a5 Bf3 40.a6 f5 41.Bb6 g4 42.Kf2 Kf6
43.Bc7 Bd5 44.h4 Kg6 45.Ke3 Kh5 46.Bg3 Ba8 47.Kf4 Be4 48.Ke5 Kg6 49.a7 Kh5
50.Kd4 Ba8 51.Kxc4 f4 52.Bxf4 Kxh4 53.Kc5 g3 54.Kd6 g2 55.Be3 Kg3 56.c4 Kf3
57.Bg1 Ke4 58.c5  1-0

[Event "21st Czech GM Open"]
[Site "Pardubice CZE"]
[Date "2010.07.23"]
[Round "1"]
[White "Stips,F"]
[Black "Blomqvist,E"]
[Result "1/2-1/2"]
[WhiteElo "2206"]
[BlackElo "2407"]

1.Nf3 Nf6 2.c4 c5 3.Nc3 e6 4.e4 Nc6 5.Be2 a6 6.O-O Qc7 7.d4 cxd4 8.Nxd4 Bb4
9.Nxc6 dxc6 10.Qc2 e5 11.Be3 Qe7 12.Na4 Be6 13.a3 Bd6 14.Nb6 Rd8 15.c5 Bc7
16.Nc4 O-O 17.b4 h6 18.Rad1 Rxd1 19.Rxd1 Rd8 20.Bc1 Rxd1+ 21.Bxd1 Qd8 22.Be2 Qd4
23.Nd2 Ng4 24.Bxg4 Bxg4 25.Bb2 Qd7 26.Nc4 f6 27.f3 Be6 28.Qd2 Qxd2 29.Nxd2 b6
30.Bc3 Bd8 31.cxb6 Bxb6+ 32.Kf1 h5 33.Ke2 h4 34.h3 Kf7 35.Kd3 Ke7 36.Nc4 Bf2
37.Ne3 Kd7 38.Bd2 Kc7 39.Ke2 Bg3 40.Nf5 Bc4+ 41.Kd1 Bf1 42.Nxg3 hxg3 43.Be1 Bxg2
44.Ke2 Bxh3 45.Bxg3 g5 46.Bf2 Kd7 47.Bc5 Be6 48.a4 Bb3 49.a5 Bc2 50.Ke3 Ke6
51.Bf8 f5 52.exf5+ Kxf5 53.Ke2 Bb3  1/2-1/2

[Event "21st Czech GM Open"]
[Site "Pardubice CZE"]
[Date "2010.07.23"]
[Round "1"]
[White "Cioara,A"]
[Black "Cappai,D"]
[Result "1/2-1/2"]
[WhiteElo "2427"]
[BlackElo "2220"]

1.Nf3 Nf6 2.c4 c5 3.Nc3 g6 4.g3 Bg7 5.Bg2 O-O 6.O-O Nc6 7.d3 a6 8.e4 d6 9.h3 Rb8
10.a4 Ne8 11.Be3 Nc7 12.d4 cxd4 13.Nxd4 Ne6 14.Nde2 Nc5 15.b3 Qa5 16.Bd2 f5
17.exf5 Bxf5 18.Nd5 Qd8 19.Bc3 Bxc3 20.Nexc3 a5 21.Nb5 e5 22.Ra2 Qd7 23.Nb6 Qd8
24.Nd5 Qd7 25.Rd2 Bxh3 26.Nb6 Qg4 27.Bxh3 Qxh3 28.Rxd6 Nb4 29.Nd7 Ne4  1/2-1/2

[Event "XIX ch-Macedonia Open"]
[Site "Struga MKD"]
[Date "2010.07.23"]
[Round "8"]
[White "Koskoska,G"]
[Black "Stojkovska,M"]
[Result "1/2-1/2"]
[WhiteElo "2152"]
[BlackElo "1910"]

1.Nf3 Nf6 2.c4 c5 3.Nc3 d5 4.cxd5 Nxd5 5.g3 Nc6 6.Bg2 Nc7 7.O-O e5 8.d3 Rb8
9.Be3 Be7 10.Qd2 f6 11.Ne1 Nd4 12.f4 exf4 13.Bxf4 Bd6 14.Bxd6 Qxd6 15.Ne4 Qe7
16.Rc1 b6 17.Nc2 Nxc2 18.Rxc2 O-O 19.Nc3  1/2-1/2

[Event "21st Czech GM Open"]
[Site "Pardubice CZE"]
[Date "2010.07.24"]
[Round "2"]
[White "Cvek,R"]
[Black "Jirasek,P"]
[Result "1-0"]
[WhiteElo "2473"]
[BlackElo "2267"]

1.Nf3 Nf6 2.c4 c5 3.Nc3 e6 4.g3 b6 5.Bg2 Bb7 6.O-O Be7 7.d4 cxd4 8.Qxd4 d6
9.Rd1 a6 10.b3 Nbd7 11.Bb2 O-O 12.e4 Qb8 13.Nd2 Bc6 14.b4 b5 15.cxb5 axb5
16.Nb3 Ne5 17.Na5 Bd7 18.Qd2 Bd8 19.Nb3 Bb6 20.Qxd6 Qxd6 21.Rxd6 Nc4 22.Rxb6 Nxb6
23.e5 Nfd5 24.Nxd5 Nxd5 25.Bxd5 exd5 26.a3 Bf5 27.Nd4 Bd3 28.f4 h5 29.Kf2 Rfc8
30.Ke3 Bc4 31.Kd2 Ra6 32.Re1 Rg6 33.Nf5 Rgc6 34.Re3 Ra6 35.Nd6 Rd8 36.Nb7 Re8
37.f5 f6 38.Nc5 Rc6 39.e6 g6 40.Nd7 d4 41.Bxd4 gxf5 42.Nxf6+ Kf8 43.Bc5+ Rxc5
44.bxc5  1-0

[Event "21st Czech GM Open"]
[Site "Pardubice CZE"]
[Date "2010.07.24"]
[Round "2"]
[White "Vokac,M"]
[Black "Tuvshintugs,B"]
[Result "1-0"]
[WhiteElo "2458"]
[BlackElo "2321"]

1.Nf3 Nf6 2.c4 e6 3.Nc3 c5 4.g3 b6 5.Bg2 Bb7 6.O-O Be7 7.Re1 O-O 8.e4 d6
9.d4 cxd4 10.Nxd4 Qc7 11.Be3 a6 12.Rc1 Nbd7 13.b3 Rac8 14.f3 Rfe8 15.Bf2 Qb8
16.Qd2 Bd8 17.Nc2 Bc7 18.Ne3 Ne5 19.a3 Ng6 20.b4 h5 21.f4 Qa8 22.Qd3 Red8
23.h4 Re8 24.Bf3 Ne7 25.Bg2 Ng6 26.Rc2 Rcd8 27.Rd2 Rc8 28.Qb1 Bb8 29.a4 Ne7
30.b5 a5 31.Qd3 Ng6 32.Rc2 Nf8 33.c5 dxc5 34.e5 Rcd8 35.Bxb7 Qxb7 36.Qe2 Nd5
37.Qxh5 Nxe3 38.Bxe3 Rd3 39.Qe2 Red8 40.Qg2 Qxg2+ 41.Kxg2 Ng6 42.Ree2 Bc7
43.Ne4 Ne7 44.Bf2 Ra3 45.Nxc5 Nd5 46.Na6 Bb8 47.Rc4 Kf8 48.Rec2 Ke7 49.Rd4 f6
50.exf6+ Kxf6 51.Nxb8 Rxb8 52.Re4 Kf7 53.Rd4 Rb7 54.f5 Nb4 55.fxe6+ Kxe6
56.Re2+ Kf7 57.Rf4+ Kg8 58.Re8+ Kh7 59.Rff8 Nd5 60.h5 g6 61.Rh8+ Kg7 62.Bd4+ Kf7
63.Rhf8+  1-0

[Event "TCh-MNE Premier League"]
[Site "Cetinje MNE"]
[Date "2010.07.25"]
[Round "2"]
[White "Tadic,Br"]
[Black "Vuckovic,Bo"]
[Result "1/2-1/2"]
[WhiteElo "2543"]
[BlackElo "2623"]

1.c4 c5 2.Nf3 Nf6 3.Nc3 e6 4.g3 b6 5.Bg2 Bb7 6.O-O Be7 7.d4 cxd4 8.Qxd4 d6
9.Rd1 a6 10.Bg5 Nbd7 11.Qd2 O-O 12.Bf4 Ne8 13.Rac1 Rc8 14.b3 Nc5 15.Ng5 Bxg2
16.Kxg2 Qc7 17.f3 Qc6 18.Nge4 Rd8 19.Qe3 Nxe4 20.Qxe4 Qc7 21.Qd3 Nf6 22.Ne4  1/2-1/2

[Event "21st Czech GM Open"]
[Site "Pardubice CZE"]
[Date "2010.07.25"]
[Round "3"]
[White "Chernyshov,K"]
[Black "Pileckis,E"]
[Result "1-0"]
[WhiteElo "2578"]
[BlackElo "2438"]

1.c4 Nf6 2.Nf3 e6 3.Nc3 c5 4.g3 b6 5.Bg2 Bb7 6.O-O Be7 7.Re1 O-O 8.e4 d6
9.d4 cxd4 10.Nxd4 Qc7 11.Ndb5 Qc6 12.b3 a6 13.Nd4 Qc7 14.Bb2 Nbd7 15.Qe2 Rac8
16.Rad1 Rfe8 17.f4 Nf8 18.h3 Qb8 19.Kh2 Rc7 20.e5 dxe5 21.fxe5 N6d7 22.Ne4 Nxe5
23.Nxe6 Rcc8 24.Nxf8 Bxf8 25.Qh5 h6 26.Qf5 Re6 27.Ng5 g6 28.Qxe6 fxe6 29.Bxe5 Qa8
30.Rd7 Bxg2 31.Nh7 Bc5 32.Red1 Qc6 33.Rg7+ Kh8 34.Rf7+ Kg8 35.Rdd7 Bg1+ 36.Kxg1 Qc5+
37.Kxg2  1-0

[Event "6th WSCC U17"]
[Site "Kayseri TUR"]
[Date "2010.07.26"]
[Round "6"]
[White "Javakhadze,Z"]
[Black "Topak,E"]
[Result "1-0"]
[WhiteElo "2354"]
[BlackElo "2269"]

1.Nf3 Nf6 2.c4 c5 3.Nc3 g6 4.g3 b6 5.e4 Bb7 6.d3 Bg7 7.Bg2 O-O 8.O-O d6 9.Rb1 Nbd7
10.b4 Ng4 11.Bd2 Nge5 12.Ne1 cxb4 13.Rxb4 Nc6 14.Rb1 Nc5 15.Ne2 f5 16.exf5 Rxf5
17.Be3 e5 18.Nc2 Kh8 19.Nc3 Rb8 20.Nd5 Ne7 21.d4 Ne6 22.dxe5 dxe5 23.Qd3 Rf8
24.Rbd1 Nf5 25.Qa3 Nfd4 26.Nxd4 exd4 27.Bc1 b5 28.Rfe1 Re8 29.Nf4 Nxf4 30.Bxf4 Bxg2
31.Bxb8 Be4 32.Bxa7 bxc4 33.Qa4 Qa8 34.Rxd4 Bc6 35.Rxe8+ Qxe8 36.Qb4 h5 37.Rxc4 Kh7
38.Be3 Bd5 39.Rc7 Qe5 40.Qe7 Qa1+ 41.Rc1 Qb2 42.Rd1 Qxa2 43.Bd4 Bf7 44.Bxg7 Kxg7
45.Qe5+ Kh7 46.h4 Qb3 47.Rd8  1-0

[Event "COQ Inv"]
[Site "Montreal CAN"]
[Date "2010.07.26"]
[Round "4"]
[White "Leveille,F"]
[Black "Barbeau,S"]
[Result "1/2-1/2"]
[WhiteElo "2284"]
[BlackElo "2337"]

1.Nf3 Nf6 2.c4 c5 3.Nc3 e6 4.g3 b6 5.Bg2 Bb7 6.O-O Be7 7.Re1 d5 8.cxd5 Nxd5
9.Nxd5 Bxd5 10.d4 cxd4 11.Qa4+ Bc6 12.Qxd4 O-O 13.Rd1 Na6 14.Be3 Qxd4 15.Nxd4 Bxg2
16.Kxg2 Bf6 17.Nc6 Bxb2 18.Rab1 Bf6 19.Rd7 Nb8 20.Nxb8 Rfxb8 21.Rc1 Rd8 22.Rb7 Rdb8
23.Rcc7 Rxb7 24.Rxb7 Be5 25.Kf3 Rb8 26.Rxa7 b5 27.Ke4 f6 28.f4 Bb2 29.Bc5 Rc8
30.Be3 Rc4+ 31.Kd3 Rc3+ 32.Kd2 Ra3 33.Rxa3 Bxa3 34.Kc3 Kf7 35.Kb3 Bd6 36.a4 bxa4+
37.Kxa4 h5 38.Kb5 Ba3 39.Kc6  1/2-1/2

[Event "COQ Inv"]
[Site "Montreal CAN"]
[Date "2010.07.27"]
[Round "5"]
[White "Lenderman,A"]
[Black "Hambleton,A"]
[Result "1-0"]
[WhiteElo "2553"]
[BlackElo "2131"]

1.Nf3 Nf6 2.c4 c5 3.Nc3 e6 4.d4 cxd4 5.Nxd4 a6 6.e4 d6 7.Be2 Qc7 8.O-O b6
9.Be3 Bb7 10.f3 Be7 11.Qd2 Nbd7 12.a4 Ne5 13.Rfc1 O-O 14.a5 bxa5 15.Nb3 Nc6
16.Nd5 Qd8 17.Nxe7+ Qxe7 18.Nxa5 Nxa5 19.Rxa5 Nd7 20.Rd1 d5 21.cxd5 exd5
22.exd5 Rfe8 23.Ra3 Nf6 24.d6 Qe6 25.Bf1 Nd7 26.Bf4 Qf6 27.Rc3 Rab8 28.Qd4 Qg6
29.Bg3 h5 30.Rc7 h4 31.Qxh4 Bxf3 32.gxf3 Ne5 33.Qf4 Qh5 34.Rc3 g5 35.Qf5 Rxb2
36.Bxe5  1-0

[Event "3rd Open"]
[Site "Paleochora GRE"]
[Date "2010.07.27"]
[Round "7"]
[White "Filip,L"]
[Black "Iordachescu,V"]
[Result "1/2-1/2"]
[WhiteElo "2470"]
[BlackElo "2623"]

1.Nf3 Nf6 2.c4 c5 3.Nc3 e6 4.g3 b6 5.Bg2 Bb7 6.O-O Be7 7.d4 cxd4 8.Qxd4 d6
9.Bg5 a6 10.Bxf6 Bxf6 11.Qf4 O-O 12.Rfd1 Be7 13.Ne4 Bxe4 14.Qxe4 Ra7 15.Nd4 Rc7
16.b3 Rc5 17.a4 Qc7 18.Qb1 Bf6 19.e3 g6 20.Ra2 Re8 21.Rad2 Bg7 22.Qa2 Bf8
23.Rc2 Qc8 24.b4 Rxc4 25.b5 Rc5 26.Qb3 a5 27.Qd3 Nd7 28.Qe2 Nb8 29.Nb3 Rc7
30.Nd4 Rc5 31.Nb3 Rc7 32.Nd4  1/2-1/2

[Event "21st Czech GM Open"]
[Site "Pardubice CZE"]
[Date "2010.07.27"]
[Round "5"]
[White "Stips,F"]
[Black "Gorbatov,A"]
[Result "1/2-1/2"]
[WhiteElo "2206"]
[BlackElo "2390"]

1.Nf3 c5 2.c4 Nf6 3.Nc3 d5 4.cxd5 Nxd5 5.d4 cxd4 6.Qxd4 Nxc3 7.Qxc3 Nc6 8.a3 Bf5
9.e3 Qb6 10.b4 Rc8 11.Bb2 a5 12.bxa5 Nxa5 13.Qb4 Qxb4+ 14.axb4 Nc6 15.Bc3 e5
16.Bb5 Bd7 17.O-O f6 18.Be2 Bd6 19.Bd2 Ke7 20.Bc4 Bxb4 21.Bxb4+ Nxb4 22.Rab1 Nd5
23.Rxb7 Rc7 24.Rxc7 Nxc7  1/2-1/2

[Event "5th Festival"]
[Site "Edmonton CAN"]
[Date "2010.07.28"]
[Round "1"]
[White "Haessel,D"]
[Black "Langer,M USA"]
[Result "0-1"]
[WhiteElo "2243"]
[BlackElo "2280"]

1.Nf3 c5 2.c4 Nf6 3.Nc3 d5 4.cxd5 Nxd5 5.e4 Nb4 6.Bc4 Nd3+ 7.Ke2 Nf4+ 8.Kf1 Ne6
9.b4 cxb4 10.Ne2 g6 11.Bb2 Bg7 12.Bxe6 Bxb2 13.Bxf7+ Kf8 14.Rb1 Bf6 15.Bc4 Nc6
16.d4 Bg4 17.e5 Bg7 18.Nf4 Bh6 19.Ne6+ Bxe6 20.Bxe6 Qa5 21.Qe2 Kg7 22.g4 Bf4
23.Kg2 Rhf8 24.Rhd1 Nd8 25.Bc4 Rc8 26.d5 Qc5 27.Rd4 a6 28.Bd3 b5 29.Rbxb4 Bc1
30.e6 Ba3 31.Qe5+ Kg8 32.Rb1 Qc3 33.Rb3 Qc1 34.Qg5 Qxg5 35.Nxg5 Bc5 36.Re4 Rxf2+
37.Kh3 Bd6 38.Re2 Rxe2 39.Bxe2 Rc2 40.Re3  0-1

[Event "Tch-POR 1st Div Final"]
[Site "Vila Nova de Gaia POR"]
[Date "2010.07.28"]
[Round "5.6"]
[White "Andrade,Jo"]
[Black "Castro,Fr"]
[Result "0-1"]
[WhiteElo "2268"]
[BlackElo "2118"]

1.c4 c5 2.Nc3 Nf6 3.Nf3 d5 4.cxd5 Nxd5 5.g3 Nc7 6.Bg2 Nc6 7.O-O e5 8.d3 Be7
9.Be3 Bd7 10.Rc1 Rc8 11.a3 O-O 12.Ne1 b6 13.Bd2 Ne6 14.Nd5 Bd6 15.Nc2 Ne7
16.Nc3 Nd4 17.Ne3 Bc6 18.Ne4 Nd5 19.Nc4 Bb8 20.e3 Ne6 21.f4 exf4 22.gxf4 f5
23.Ng3 g6 24.Qb3 Rf7 25.Rf2 Nf6 26.Ne5 Bxe5 27.Qxe6 Bxg2 28.Rxg2 Bxb2 29.Rc2 Bxa3
30.Nxf5 Qd7 31.Nh6+ Kg7 32.Qxd7 Rxd7 33.Bc3 Kxh6 34.Bxf6 Rf8 35.Be5 Rxd3
36.Rg3 Rf5 37.e4 Rxg3+ 38.hxg3 Rxe5 39.fxe5 b5 40.e6 c4 41.Kg2 Bc5 42.e5 Kg5
43.Rf2 c3 44.Rf3 b4 45.Rf4 b3 46.Rc4 b2 47.Rxc5 b1=Q 48.e7  0-1

[Event "TCh-MNE Premier League"]
[Site "Cetinje MNE"]
[Date "2010.07.29"]
[Round "6"]
[White "Stojanovic,Mih"]
[Black "Lajthajm,B"]
[Result "1-0"]
[WhiteElo "2557"]
[BlackElo "2493"]

1.Nf3 Nf6 2.c4 c5 3.Nc3 g6 4.d4 cxd4 5.Nxd4 Bg7 6.e4 Nc6 7.Be3 Ng4 8.Qxg4 Nxd4
9.Qd1 Nc6 10.Qd2 Qa5 11.Rc1 d6 12.Be2 O-O 13.O-O Be6 14.Rfd1 Rac8 15.b3 Rfd8
16.f4 f5 17.Bf3 fxe4 18.Nxe4 Qxd2 19.Rxd2 h6 20.h4 Bf7 21.h5 gxh5 22.Ng3 b6
23.Nxh5 Bf8 24.Ng3 Nb8 25.Re1 Nd7 26.Nf5 Rc7 27.g4 Nc5 28.Rh2 d5 29.Rd1 Rcd7
30.cxd5 Bxd5 31.Rxd5 Rxd5 32.Bxd5+ Rxd5 33.Nxh6+ Bxh6 34.Rxh6 Rd1+ 35.Kg2 Nd3
36.Re6 Kf7 37.f5 Nb4 38.g5 Nd5 39.g6+ Kg7 40.Kf2 Kg8 41.Bg5 Rd4 42.Kf3 a5
43.Be3 Rb4 44.Re4 b5 45.Bd4 e6 46.f6  1-0

[Event "XXXVI Open"]
[Site "Sitges ESP"]
[Date "2010.07.29"]
[Round "8"]
[White "Lammers,M"]
[Black "Fernandez Aguado,E"]
[Result "1-0"]
[WhiteElo "2386"]
[BlackElo "2343"]

1.Nf3 c5 2.c4 Nf6 3.Nc3 b6 4.g3 Bb7 5.Bg2 g6 6.O-O Bg7 7.Re1 O-O 8.e4 Nc6
9.e5 Ng4 10.h3 Nh6 11.d4 Nxd4 12.Nxd4 Bxg2 13.Kxg2 cxd4 14.Qxd4 Nf5 15.Qd3 f6
16.exf6 Bxf6 17.Bf4 d6 18.Re6 Qe8 19.Rae1 Qf7 20.Nd5 Be5 21.Bxe5 Qxe6 22.Bc3 Qf7
23.f4 b5 24.Nxe7+ Nxe7 25.Qd4 Qf6 26.Qxf6 Rxf6 27.Bxf6 Nf5 28.g4 Kf7 29.Bc3 Ne7
30.cxb5 Nd5 31.Re4 a6 32.Ra4 a5 33.Bd2 Rc8 34.Rd4 Ke6 35.Bxa5 g5 36.fxg5 Rc2+
37.Rd2 Rc5 38.a4 Ne3+ 39.Kf3 Nc4 40.Re2+ Kd7 41.Bc3 Rxg5 42.Bf6 Rd5 43.Re7+ Kc8
44.Rxh7 Nb6 45.Ke4 Rd2 46.a5 d5+ 47.Kf5 Nd7 48.Rh8+ Kc7 49.Bg5 Rxb2 50.Bf4+ Kb7
51.Rh7 Kc8 52.Rh8+ Kb7 53.Rh7 Kc8 54.a6 Nb6 55.Rh8+ Kd7 56.Rh7+ Kc8 57.Ke6 Re2+
58.Be5  1-0

[Event "Open"]
[Site "Szombathely HUN"]
[Date "2010.07.29"]
[Round "3"]
[White "Flumbort,A"]
[Black "Sipos,I"]
[Result "1-0"]
[WhiteElo "2540"]
[BlackElo "2405"]

1.Nf3 c5 2.c4 Nf6 3.Nc3 b6 4.g3 Bb7 5.Bg2 g6 6.O-O Bg7 7.d4 cxd4 8.Qxd4 d6
9.Rd1 Nbd7 10.Be3 Rc8 11.Rac1 O-O 12.Qh4 a6 13.b3 Rc7 14.Bh3 Qb8 15.g4 Qa8
16.g5 Ne4 17.Nxe4 Bxe4 18.Nd2 Bc6 19.Bxd7 Rxd7 20.Bxb6 f6 21.gxf6 Rxf6 22.f3 g5
23.Qg4 Qe8 24.Kf2 Rb7 25.Be3 Rg6 26.Rg1 h6 27.h4 e5 28.hxg5 hxg5 29.Ne4 Bd7
30.Qh5 g4 31.Rcd1 Bc6 32.Nxd6  1-0

[Event "21st Czech GM Open"]
[Site "Pardubice CZE"]
[Date "2010.07.30"]
[Round "8"]
[White "Polak,T"]
[Black "Cvek,R"]
[Result "1/2-1/2"]
[WhiteElo "2544"]
[BlackElo "2473"]

1.Nf3 Nf6 2.c4 e6 3.Nc3 c5 4.e3 b6 5.d4 cxd4 6.exd4 Bb7 7.Bd3 Be7 8.O-O O-O
9.Bg5 d5 10.Bxf6 Bxf6 11.cxd5 exd5 12.Re1 Nc6 13.Rc1 g6 14.Bb5 Qd6 15.Qa4 Nd8
16.Ne5 a6 17.Be2 b5 18.Qd1 Ne6 19.Bg4 Rae8 20.Bxe6  1/2-1/2

[Event "IM"]
[Site "Szombathely HUN"]
[Date "2010.07.31"]
[Round "5"]
[White "Lizak,P"]
[Black "Lakos,N"]
[Result "1-0"]
[WhiteElo "2337"]
[BlackElo "2279"]

1.Nf3 Nf6 2.c4 e6 3.Nc3 c5 4.g3 b6 5.Bg2 Bb7 6.O-O Be7 7.d4 cxd4 8.Qxd4 Nc6
9.Qf4 O-O 10.Rd1 Qc8 11.b3 Nb4 12.Bb2 Na6 13.Nb5 Ne8 14.Be5 Bc6 15.Nd6 Nxd6
16.Bxd6 Bxd6 17.Qxd6 Nc5 18.Ne5 Bxg2 19.Kxg2 f6 20.Nd3 Rd8 21.f3 Nb7 22.Qe7 Re8
23.Qa3 a5 24.Rac1 d6 25.Qa4 Re7 26.Qb5 Qc7 27.Rd2 Kf7 28.Rcd1 Rc8 29.Nb2  1-0

[Event "Politiken Cup"]
[Site "Copenhagen DEN"]
[Date "2010.08.01"]
[Round "3"]
[White "Sorensen,To1"]
[Black "Ostergaard,R"]
[Result "1-0"]
[WhiteElo "2419"]
[BlackElo "2145"]

1.Nf3 Nf6 2.c4 c5 3.Nc3 e6 4.g3 d5 5.cxd5 exd5 6.d4 Nc6 7.Bg2 Be7 8.O-O O-O
9.Bg5 c4 10.Ne5 Be6 11.Nxc4 dxc4 12.Bxf6 Bxf6 13.d5 Bd7 14.dxc6 Bxc6 15.Bxc6 bxc6
16.Qxd8 Rfxd8 17.Rad1 Rdb8 18.Rd2 Rb4 19.Rc1 Rab8 20.Rcc2 a5 21.e3 Kf8 22.Kf1 Bxc3
23.bxc3 Rb1+ 24.Ke2 a4 25.a3 R8b3 26.Rd4 Rxa3 27.Rxc4 Rb6 28.Kd3 Ra1 29.Rb4 Rb5
30.Kc4 a3 31.Rxb5 cxb5+ 32.Kb3 Ke7 33.Ra2 Rb1+ 34.Kxa3 Kd6 35.Rb2 Ra1+ 36.Kb3 g5
37.f4 Re1 38.fxg5 Rxe3 39.Rf2 Ke7 40.Rf5 Re2 41.h4 Re3 42.Rxb5 Rxg3 43.Rb7+ Ke6
44.Rb6+ Ke5 45.Rh6 Rg4 46.Rxh7 f6 47.Re7+ Kd6 48.gxf6 Rxh4 49.Ra7 Rf4 50.Rf7 Kc5
51.Rf8 Kb6 52.Kc2  1-0

[Event "IM"]
[Site "Szombathely HUN"]
[Date "2010.08.04"]
[Round "9"]
[White "Banas,J"]
[Black "Nagy,Ga1"]
[Result "0-1"]
[WhiteElo "2312"]
[BlackElo "2367"]

1.Nf3 c5 2.c4 Nf6 3.Nc3 b6 4.e4 d6 5.d4 cxd4 6.Nxd4 Bb7 7.f3 e6 8.Bd3 a6
9.O-O Nbd7 10.b3 Be7 11.Bb2 O-O 12.Kh1 Rc8 13.Qd2 Qc7 14.Rae1 Qb8 15.Bb1 Rfd8
16.Qf2 Bf8 17.Qh4 Ne5 18.f4 Ng6 19.Qh3 b5 20.cxb5 axb5 21.f5 exf5 22.Rxf5 b4
23.Nd5 Bxd5 24.exd5 Re8 25.Ref1 Qa8 26.Nf3 Nxd5 27.Ng5 h6 28.Rxf7 Ndf4 29.Qg4 hxg5
30.Bxg6 Nxg6 31.Qxg5 Qe4 32.R7f5 Rc5 33.h3 Rxf5 34.Rxf5 Re6 35.Rf1 Be7 36.Qc1  0-1

[Event "Open"]
[Site "Minsk BLR"]
[Date "2010.08.06"]
[Round "3"]
[White "Zamruk,A"]
[Black "Shulakova,S"]
[Result "1/2-1/2"]
[WhiteElo "2394"]
[BlackElo "2192"]

1.c4 c5 2.Nc3 Nf6 3.Nf3 e6 4.g3 b6 5.Bg2 Bb7 6.O-O Be7 7.b3 O-O 8.Bb2 a6
9.Re1 d6 10.e3 d5 11.cxd5 Nxd5 12.d4 Nd7 13.Nxd5 Bxd5 14.Qe2 b5 15.Red1 Qb6
16.e4 Bb7 17.dxc5 Nxc5 18.Bd4 b4 19.Ne5 Qb5 20.Qxb5 axb5 21.Bxc5 Bxc5 22.Nd7 Rfc8
23.Nxc5 Rxc5 24.Rd4 Rc2 25.Rxb4 Raxa2 26.Rxa2 Rxa2 27.Rxb5 Ra1+ 28.Bf1 Rxf1+
29.Kg2 Bc8 30.Rc5 Ba6 31.Ra5 g5 32.Rxa6 Rb1 33.Ra5 h6 34.Rb5 g4 35.h3 h5
36.Rxh5 gxh3+ 37.Kxh3 Rxb3 38.e5 Rf3 39.Kg2 Ra3 40.Rh6 Kg7 41.Rf6 Ra5 42.f4 Ra3
43.Kh3 Rb3 44.Kg4 Re3 45.Kh3 Ra3 46.Kh4 Re3 47.g4 Rb3 48.g5 Rb1 49.Kh3 Rb3+
50.Kg4 Rb1 51.Kf3 Rb3+ 52.Ke4 Rb4+ 53.Ke3 Rb3+ 54.Kd4 Rb4+ 55.Kd3 Ra4 56.g6 fxg6
57.Ke3 g5 58.fxg5 Rg4 59.Rxe6 Rxg5 60.Ke4 Kf7  1/2-1/2

[Event "19th Open"]
[Site "Kavala GRE"]
[Date "2010.08.07"]
[Round "9"]
[White "Bakre,T"]
[Black "Khismatullin,D"]
[Result "1/2-1/2"]
[WhiteElo "2509"]
[BlackElo "2667"]

1.Nf3 Nf6 2.c4 e6 3.Nc3 c5 4.g3 b6 5.Bg2 Bb7 6.O-O d6 7.d4 cxd4 8.Nxd4 Bxg2
9.Kxg2 a6 10.Bg5 Be7 11.Qa4+ Qd7 12.Rfd1 Ra7 13.Rd3 Rc7 14.Rad1 O-O 15.Bxf6 Bxf6
16.Qxd7 Nxd7 17.Nf3 Be7 18.Ne4 Nc5 19.Nxc5 Rxc5 20.Nd2 f5 21.e4 g6 22.b3 Kf7
23.a4 Rb8 24.Re1 e5 25.Nb1 b5 26.axb5 axb5 27.Na3 bxc4 28.Nxc4 Ke6 29.f4 Rcb5
30.fxe5 dxe5 31.exf5+ gxf5 32.Ra1 e4 33.Ra6+ R5b6 34.Nxb6 exd3 35.Nc8+ Kd7
36.Nxe7 Kxe7 37.Kf2 Rxb3 38.Ra7+ Ke6 39.Rxh7 Rb2+ 40.Ke3 d2 41.Ke2 f4 42.gxf4  1/2-1/2